00229 a2200109 4500001000700000020000600007040001100013100002300024240003400047245002900081362000900110162910 a  cMagnum aParramon, Josep M.10aMi primera visita al zoolESP10aMi primera visita al zoo0 a1899